Lecciones de derecho romano / (Record no. 120108)
[ view plain ]
| 000 -LEADER | |
|---|---|
| campo de control de longitud fija | 01584 a2200253 4500 |
| 003 - IDENTIFICADOR DE NÚMERO DE CONTROL | |
| campo de control | BJBSDDR |
| 005 - FECHA Y HORA DE LA ÚLTIMA TRANSACCIÓN | |
| campo de control | 20231031113345.0 |
| 007 - CAMPO FIJO DE DESCRIPCIÓN FÍSICA--INFORMACIÓN GENERAL | |
| campo de control de longitud fija | ta |
| 008 - DATOS DE LONGITUD FIJA--INFORMACIÓN GENERAL | |
| campo de control de longitud fija | 230912s2013 ck 00| 0 spa d |
| 020 ## - NÚMERO INTERNACIONAL ESTÁNDAR DEL LIBRO | |
| Número Internacional Estándar del Libro | 9789587670875 |
| 040 ## - FUENTE DE CATALOGACIÓN | |
| Lengua de catalogación | spa |
| Centro/agencia transcriptor | BJBSDDR |
| 041 ## - CÓDIGO DE IDIOMA | |
| Código de lengua del texto/banda sonora o título independiente | spa |
| 050 14 - SIGNATURA TOPOGRÁFICA DE LA BIBLIOTECA DEL CONGRESO | |
| Número de clasificación | KJA 147 |
| Número de ítem | M488l 2013 |
| 100 1# - ENTRADA PRINCIPAL--NOMBRE DE PERSONA | |
| Nombre de persona | Medellín, Carlos |
| 9 (RLIN) | 32241 |
| 245 10 - MENCIÓN DEL TÍTULO | |
| Título | Lecciones de derecho romano / |
| Mención de responsabilidad, etc. | Carlos Medellín. |
| 260 ## - PUBLICACIÓN, DISTRIBUCIÓN, ETC. | |
| Lugar de publicación, distribución, etc. | Bogot,̀ |
| Nombre del editor, distribuidor, etc. | Legis, |
| Fecha de publicación, distribución, etc. | 2013. |
| 300 ## - DESCRIPCIÓN FÍSICA | |
| Extensión | 441 páginas ; |
| Dimensiones | 24 cm. |
| 520 ## - RESUMEN, ETC. | |
| Sumario, etc. | Estas Lecciones de derecho romano son la expresión de tres generaciones de juristas que han enseñado el significado de la justicia y el derecho. Fueron pensadas en su origen como apuntes de clase que con el transcurrir del tiempo se cultivaron y florecieron con el aporte de todos los estudiantes, que han encontrado en ellas la esencia ms̀ pura de la ciencia jurídica. Hoy se convierten en herramienta obligada de estudiantes, abogados y jueces que necesitan entender el origen y la razón de ser de las instituciones jurídicas que rigen nuestros tiempos. El derecho romano no es una curiosidad histórica, sino el lenguaje común y el método científico que une al mundo jurídico en tiempos de integración y globalización. La tradición jurídica colombiana y latinoamericana tiene en el derecho romano la fuente universal de sus principios y categorías. Este libro es ejemplo de ello.<br/> |
| 650 #0 - PUNTO DE ACCESO ADICIONAL DE MATERIA--TÉRMINO DE MATERIA | |
| Término de materia o nombre geográfico como elemento de entrada | Derecho romano |
| 9 (RLIN) | 21117 |
| 650 #4 - PUNTO DE ACCESO ADICIONAL DE MATERIA--TÉRMINO DE MATERIA | |
| Término de materia o nombre geográfico como elemento de entrada | Procedimiento civil |
| Subdivisión general | Derecho |
| 9 (RLIN) | 21407 |
| 650 #4 - PUNTO DE ACCESO ADICIONAL DE MATERIA--TÉRMINO DE MATERIA | |
| Término de materia o nombre geográfico como elemento de entrada | Sucesión universal (Derecho) |
| 9 (RLIN) | 32242 |
| 942 ## - ELEMENTOS DE ENTRADA SECUNDARIOS (KOHA) | |
| Fuente del sistema de clasificación o colocación | Clasificación de Library of Congress |
| Tipo de ítem Koha | Libro |
| Suprimir en OPAC | No |
| 946 ## - PROCESAMIENTO DE INFORMACIÓN LOCAL (OCLC) | |
| Iniciales del agente catalogador | rmza |
| Estatus retirado | Estado de pérdida | Fuente del sistema de clasificación o colocación | Estado de daño | No para préstamo | Colección | Biblioteca de origen | Biblioteca actual | Ubicación en estantería | Fecha de adquisición | Signatura topográfica completa | Código de barras | Visto por última vez | Copia número | Tipo de ítem Koha |
|---|---|---|---|---|---|---|---|---|---|---|---|---|---|---|
| Clasificación de Library of Congress | Ciencias Sociales | Biblioteca Juan Bosch | Biblioteca Juan Bosch | Ciencias Sociales (3er. Piso) | 12/09/2023 | KJA 147 M488l 2013 | 00000174368 | 12/09/2023 | 1 | Libro |
